How I Met Your Mother Episode List - LTTL Quiz Stats

 Plays Quiz not verified by Sporcle

Score 0/206 Timer 20:00
0 Plays Today
Title % Correct
Pilot
93.4%
Purple Giraffe
87.5%
The Wedding
84.2%
Sweet Taste of Liberty
79.6%
Slutty Pumpkin
78.9%
Return of the Shirt
78%
Okay Awesome
76.2%
The Pineapple Incident
75.4%
Slap Bet
74.8%
The Duel
74.4%
Slapsgiving
74.1%
Cupcake
73.5%
Milk
73.4%
Game Night
72.8%
Where Were We?
72.4%
Something Blue
72.3%
The Limo
72.2%
Zip, Zip, Zip
72.2%
Something Borrowed
72.2%
Nothing Good Happens After 2 A.M.
71.8%
Belly Full of Turkey
71.5%
Come On
71.5%
Swarley
70.1%
Drumroll, Please
69.9%
Atlantic City
69.9%
Sandcastles in the Sand
69.5%
Ted Mosby: Architect
69.2%
Matchmaker
69.1%
Wait for It
69%
Best Prom Ever
68.7%
The Goat
68%
How Lily Stole Christmas
67.5%
Slapsgiving 2: Revenge of the Slap
67.5%
Brunch
66.8%
Shelter Island
66.8%
Mary the Paralegal
66.7%
Miracles
66.6%
The Magician's Code, Part One
66.4%
The Magician's Code, Part Two
66.4%
First Time in New York
66.3%
I Heart NJ
66.3%
Ten Sessions
66.2%
How I Met Everyone Else
66.1%
The Best Burger in New York
65.8%
The Playbook
65.8%
Something Old
65.7%
Girls Versus Suits
65.6%
Something New
65.5%
Life Among the Gorillas
65.4%
Robin 101
65.3%
The Final Page
65.3%
How Your Mother Met Me
65.3%
Aldrin Justice
65.1%
Farhampton
64.9%
Last Forever
64.1%
The Scorpion and the Toad
63.5%
The Leap
63.5%
The Platinum Rule
63.4%
Slapsgiving 3: Slappointment in Slapmarra
62.9%
Definitions
62.7%
Monday Night Football
62.5%
Lucky Penny
62.4%
Stuff
62.3%
Arrivederci, Fiero
62.2%
Dowisetrepla
62.2%
No Tomorrow
62%
We're Not from Here
61.8%
Intervention
61.6%
The Wedding Bride
61.4%
Title % Correct
Three Days of Snow
61.3%
Robots Versus Wrestlers
61.1%
Daisy
61.1%
Bad News
60.8%
Legendaddy
60.8%
Bachelor Party
60.5%
Rebound Bro
60.5%
Doppelgangers
60.3%
The Locket
60.1%
The End of the Aisle
59.9%
Mosbius Designs
59.6%
The Naked Man
59.5%
Do I Know You?
59.4%
The Stinsons
59.2%
Rabbit or Duck
59.2%
Columns
58.9%
Moving Day
58.9%
Subway Wars
58.9%
Blitzgiving
58.6%
The Bracket
58.4%
Band or DJ?
58.3%
Double Date
58.2%
Oh Honey
58.2%
The Best Man
58.2%
Gary Blauman
58.1%
The Rough Patch
58.1%
Mystery vs. History
58.1%
World's Greatest Couple
58%
The Fight
58%
Single Stamina
57.8%
Little Minnesota
57.6%
Sorry, Bro
57.6%
Last Time in New York
57.5%
Tick Tick Tick...
57.5%
The Front Porch
57.3%
Little Boys
57.2%
Duel Citizenship
57.2%
The Sexless Innkeeper
57%
Ducky Tie
57%
Third Wheel
56.8%
Not a Father's Day
56.7%
Last Cigarette Ever
56.5%
Glitter
56.5%
The Lighthouse
56.3%
Showdown
56.2%
Spoiler Alert
56.1%
Architect of Destruction
56.1%
Noretta
56.1%
I'm Not That Guy
55.9%
Murtaugh
55.9%
Karma
55.8%
Happily Ever After
55.7%
The Chain of Screaming
55.6%
Vesuvius
55.6%
The Yips
55.3%
Perfect Week
55.3%
The Three Days Rule
55.2%
Last Words
55.2%
Everything Must Go
54.9%
Twin Beds
54.9%
The Slutty Pumpkin Returns
54.9%
Trilogy Time
54.8%
Zoo or False
54.7%
P.S. I Love You
54.4%
Bass Player Wanted
54.4%
The Pre-Nup
54.2%
Bagpipes
54.1%
Woooo!
53.9%
Natural History
53.9%
Title % Correct
Jenkins
53.7%
Nannies
53.6%
The Window
53.5%
The Drunk Train
53.3%
Good Crazy
53.2%
Twelve Horny Women
53.2%
As Fast As She Can
53%
The Possimpible
52.5%
Of Course
52.5%
The Autumn of Break-Ups
52.4%
Old King Clancy
52.4%
Garbage Island
52.4%
Mom and Dad
52.4%
Symphony of Illumination
52.3%
The Rehearsal Dinner
52.2%
Challenge Accepted
52.2%
Benefits
52%
Rally
52%
Big Days
51.9%
The Mermaid Theory
51.9%
Weekend at Barney's
51.8%
Disaster Averted
51.6%
False Positive
51.5%
Bedtime Stories
51.2%
Sunrise
51.2%
Right Place, Right Time
51.1%
The Broath
51.1%
The Poker Game
51%
The Burning Beekeeper
50.9%
Who Wants to be a Godparent?
50.8%
Baby Talk
50.1%
The Exploding Meatball Sub
49.9%
The Stinson Missile Crisis
49.9%
Ring Up!
49.8%
The Time Travelers
49.8%
The Broken Code
49.8%
Cleaning House
49.6%
Hooked
49.5%
Unpause
49.4%
Splitsville
49.3%
Bad Crazy
49.2%
The Rebound Girl
48.9%
46 Minutes
48.9%
The Bro Mitzvah
48.8%
Landmarks
48.6%
The Ashtray
48.2%
Canning Randy
48.1%
The Over-Correction
48%
Home Wreckers
48%
Say Cheese
47.8%
Unfinished
47.8%
Desperation Day
47.2%
The Naked Truth
47.2%
Romeward Bound
46.2%
The Perfect Cocktail
46.1%
Knight Vision
46%
The Stamp Tramp
45.8%
No Questions Asked
45.6%
Platonish
45.4%
Field Trip
45.3%
Coming Back
45.2%
Now We're Even
44.3%
Lobster Crawl
43.5%
A Change of Heart
43.2%
Tailgate
43.2%
No Pressure
42.5%
Hopeless
42.3%
The Fortress
41.7%

You're not logged in!

Compare scores with friends on all Sporcle quizzes.
OR
Log In

Show Comments

Extras

Top Quizzes Today


Score Distribution

Your Account Isn't Verified!

In order to create a playlist on Sporcle, you need to verify the email address you used during registration. Go to your Sporcle Settings to finish the process.

Report this User

Report this user for behavior that violates our Community Guidelines.

Details: